LDR 00669naa#a2200181#i#450# 001 EN\\bibl\121273 005 20260502052447.6 011 ## _a1994-4683 100 ## _a20230803b2023####ek#y0engy0150####ca 102 ## _aRU 200 1# _aREGULARITIES AND PRINCIPLES OF FUNCTIONING OF THE SYSTEM OF TRAINING QUALIFIED SWIMMERS IN FINS _eJournal article 210 1# _aMoscow _cNational State University of Physical Education, Sports and Health named after P.F. Lesgaft _d2023 215 ## _a5 с. 608 ## _aJournal article _2local 675 ## _aПлавание с вспомогательными средствами. 797.22 _z 700 #1 _a _g 700 #1 _a _g 856 4# _auchzapiski.lesgaft.spb.ru _u